Guess the BLACKPINK song - Statistics

General Stats
  • This quiz has been taken 30 times
    29 since last reset
  • The average score is 203 of 397
Answer Stats
Answer % Correct
you
92%
i
88%
a
80%
that
80%
Love
76%
love
76%
like
72%
how
68%
me
68%
be
60%
my
60%
by
56%
hate
56%
it
56%
on
56%
the
56%
to
56%
do
52%
no
52%
your
52%
and
48%
baby
48%
been
48%
in
48%
la
48%
only
48%
youre
48%
you're
48%
can't
44%
don't
44%
if
44%
i'm
44%
need
44%
yeah
44%
all
40%
are
40%
busy
40%
days
40%
drama
40%
kick
40%
life
40%
negative
40%
nights
40%
relate
40%
see
40%
splash
40%
this
40%
time
40%
up
40%
wake
40%
was
40%
wasting
40%
always
36%
back
36%
blowin'
36%
good
36%
is
36%
keep
36%
kind
36%
light
36%
makeup
36%
maybe
36%
nah
36%
over
36%
sad
36%
splish
36%
workin'
36%
about
32%
ain't
32%
gettin'
32%
going
32%
kinda
32%
lately
32%
making
32%
puddles
32%
racks
32%
think
32%
through
32%
waves
32%
worth
32%
angry
28%
big
28%
i'ma
28%
nothing
28%
relax
28%
stacks
28%
stressing
28%
takin'
28%
want
28%
when
28%
why
28%
down
24%
driving
24%
from
24%
getting
24%
honey
24%
oh
24%
stupid
24%
thing
24%
what
24%
cause'
20%
could
20%
have
20%
hold
20%
know
20%
let
20%
loud
20%
mistaken
20%
myself
20%
one
20%
own
20%
something
20%
taken
20%
too
20%
turnin'
20%
well
20%
youve
20%
alone
16%
background
16%
cupid
16%
fade
16%
felt
16%
foolish
16%
help
16%
i'd
16%
into
16%
knew
16%
needed
16%
of
16%
remind
16%
should
16%
shows
16%
bad
12%
wouldn't
12%
dealt
8%
hand
8%
No matching quizzes found
Score Distribution
Percent of People with Each Score
Percentile by Number Answered
Your Score History
You have not taken this quiz since the last reset